Homology theory on algebraic varieties

Gespeichert in:
Bibliographische Detailangaben
1. Verfasser: Wallace, Andrew H (VerfasserIn)
Format: Buch
Sprache:Englisch
Veröffentlicht: Nueva York Pergamon Press 1958
Schriftenreihe:Pure and Applied Mathematics, 6
Schlagworte:
Tags: Tag hinzufügen
Keine Tags, Fügen Sie den ersten Tag hinzu!

MARC

LEADER 00000nam a2200000 a 4500
001 UCQ9150
003 CL-VaPUC
008 981230e19580000US |||||||||||||||||eng|d
082 0 4 |a 516.35  |b WAL  |2 21 
100 0 |a Wallace, Andrew H  |e author  |9 423579 
245 1 0 |a Homology theory on algebraic varieties 
300 |a 115 p 
942 |c BK 
945 |d 19981230 00:00:00  |a crobeson 
260 |a Nueva York  |b Pergamon Press  |c 1958 
650 0 |a Geometría algebraica  |9 270327 
650 0 |a Variedades algebraicas  |9 270770 
583 |a last modification  |c 19981230 00:00:00  |k Rodrigo Vera 
490 0 |a Pure and Applied Mathematics, 6 
999 |c 278243  |d 278241 
952 |0 0  |1 0  |4 0  |6 516_350000000000000_WAL_1958  |7 0  |8 A  |9 316695  |a BIBMAT  |b BIBMAT  |d 2019-11-20  |i 1312529  |o 516.35 WAL 1958  |p 1312529  |r 2025-01-07  |w 2019-11-20  |y BK  |k MAT